000 01008nam a2200277Ia 4500
001 Para_2993
003 CHAP
008 220125s1988 xx 000 0 und d
010 _a201379
040 _cCHAP
090 _aPA TESIS 451
100 _aLópez Matías, José
_968105
245 _aClasificación de cepas del virus del mosaico común del frijol (BCMV) en frijol (Phaseolus vulgaris L.) en invernadero, presente en Roque, Guanajuato /
_c por José López Matias
260 _aChapingo, Méx. :
_b El autor
300 _a74 h.
502 _aTesis (Ing. Agr. Esp. en Parasitología Agrícola) -- UACh. Departamento de Parasitología Agrícola
650 _aFrijol
_x Enfermedades por virus Mosaico común del frijol
_9166288
710 _aUACh. Departamento de Parasitología Agrícola
_9115877
901 _aPA TESIS 451
902 _aA
905 _a0000001988 CHAad 0000000000 00
910 _a1988
942 _cPARA
942 _cPARA
_d1
999 _c201379
_d201379